000 01001nam a2200229 a 4500
001 BRCA_1669
005 20190320203512.0
008 190508s2005----sp-a---###---#000-0#spa-#
020 _a8495610817
050 4 _aND813.R5
_b.J67 2005
245 1 0 _aJosé de Ribera
_bbajo el signo de Caravaggio (1613-1633)
_cdirección cientifica Nicola Spinosa ; [textos Nicola Spinosa, Juan Carrete Parrondo ; comentarios de las obras Alessandra Buondonno ... [et al.].
260 _aSalamanca
_bCaja Duero
_c2005
300 _a191 p.
_bil. (algunas a color)
_c30 cm.
500 _aCatálogo de la exposición realizada en la Sala de Exposiciones de Caja Duero (Salamanca), abril - junio, 2005
504 _aBibliografía: p. 182-189
600 1 4 _aRibera, José de
_d1591-1652
_vExposiciones
_95134
600 1 4 _aRibera, José de
_d1591-1652
_xCrítica e interpretación
_95206
700 1 _aSpinosa, Nicola
_95207
700 1 _aCarrete Parrondo, Juan
_91656
700 1 _aBuondonno, Alessandra
_95208
942 _2lcc
_cB
999 _c1465
_d1465